[Event "WC-2015-Q-00021"]
[Site "LSS email"]
[Date "2012.09.11"]
[Round "?"]
[White "Czegledi, Laszlo"]
[Black "Rudenko, Vitaliy"]
[Result "1-0"]
[WhiteElo "2226"]
[BlackElo "2241"]
[PlyCount "93"]
[EventDate "2012.09.17"]
[EventType "tourn (corr)"]
[EventRounds "10"]
[EventCountry "GER"]
[SourceTitle "Telechess CBM 161"]
[Source "ChessBase"]
[SourceDate "2014.07.16"]
[SourceVersion "1"]
[SourceVersionDate "2014.07.16"]
[SourceQuality "1"]

1. e4 c6 2. d4 d5 3. e5 Bf5 4. Nf3 e6 5. Be2 Ne7 6. 0-0 Nd7 7. c3 h6 8. Na3 Qc7 9. Nc2 0-0-0 10. a4 f6 11. exf6 gxf6 12. a5 a6 13. Nh4 Rg8 14. Bh5 e5 15. Nxf5 Nxf5 16. Bf7 Rg7 17. Be6 Nd6 18. Ne3 Re8 19. Bh3 Kb8 20. Nf5 Nxf5 21. Bxf5 Bd6 22. Qh5 Rge7 23. Be3 exd4 24. cxd4 Nf8 25. g3 Ne6 26. Qxh6 Qd8 27. Qxf6 Rf8 28. Qg6 Rg8 29. Qh5 Ng7 30. Qg4 Nxf5 31. Qxf5 Re4 32. Rfe1 Rh4 33. Re2 Ka8 34. Bd2 Rxd4 35. Qf7 Qb8 36. Rae1 Rf8 37. Qg7 Rxd2 38. Rxd2 Bb4 39. Rde2 Bxe1 40. Rxe1 Rd8 41. Qd4 Qc8 42. b4 Qh3 43. Re4 Qh7 44. Re3 Rf8 45. h4 Qb1+ 46. Kg2 Qf5 47. Re5 1-0

[Event "WC-2015-Q-00021"]
[Site "LSS email"]
[Date "2012.09.11"]
[Round "?"]
[White "Fernandez, Javier Horacio"]
[Black "Rudenko, Vitaliy"]
[Result "1/2-1/2"]
[WhiteElo "2172"]
[BlackElo "2241"]
[PlyCount "53"]
[EventDate "2012.09.17"]
[EventType "tourn (corr)"]
[EventRounds "10"]
[EventCountry "GER"]
[SourceTitle "Telechess CBM 161"]
[Source "ChessBase"]
[SourceDate "2014.07.16"]
[SourceVersion "1"]
[SourceVersionDate "2014.07.16"]
[SourceQuality "1"]

1. e4 c6 2. d4 d5 3. Nc3 dxe4 4. Nxe4 Nd7 5. Bd3 Ngf6 6. Ng5 e6 7. N1f3 Bd6 8. Qe2 h6 9. Ne4 Nxe4 10. Qxe4 Qc7 11. 0-0 b6 12. Qg4 Kf8 13. b3 Bb7 14. Bb2 Nf6 15. Qh3 Nd5 16. g3 Nb4 17. Be4 f5 18. Ng5 Re8 19. a3 Nd5 20. Bd3 Kg8 21. Nf3 c5 22. dxc5 Bxc5 23. Qh5 Nf6 24. Bxf6 Qf7 25. Qxf7+ Kxf7 26. Bxg7 Kxg7 27. Be2 1/2-1/2